Telesforo de Aranzadi (Record no. 6451)

MARC details
000 -LEADER
campo de control de longitud fija 00629nam a2200181 i 4500
001 - NÚMERO DE CONTROL
campo de control 6451
003 - IDENTIFICADOR DE NÚMERO DE CONTROL
campo de control ES-MaACL
005 - FECHA Y HORA DE LA ÚLTIMA TRANSACCIÓN
campo de control 20230906144936.0
008 - DATOS DE LONGITUD FIJA--INFORMACIÓN GENERAL
campo de control de longitud fija 891122s1985 sp ||||1| spa d
080 ## - NÚMERO DE LA CLASIFICACIÓN DECIMAL UNIVERSAL
Número de la Clasificación Decimal Universal 929 Aranzadi, Telesforo
100 1# - ENTRADA PRINCIPAL--NOMBRE DE PERSONA
Nombre de persona Goicoetxea Marcaida, Angel.
9 (RLIN) 57616
245 10 - MENCIÓN DEL TÍTULO
Título Telesforo de Aranzadi
Resto del título : vida y obra /
Mención de responsabilidad, etc. Ángel Goicoetxea Marcaida.
260 ## - PUBLICACIÓN, DISTRIBUCIÓN, ETC.
Lugar de publicación, distribución, etc. San Sebastián :
Nombre del editor, distribuidor, etc. Sociedad de Ciencias Aranzadi,
Fecha de publicación, distribución, etc. 1985.
300 ## - DESCRIPCIÓN FÍSICA
Extensión 231 p. :
Otras características físicas il. ;
Dimensiones 29 cm.
600 14 - PUNTO DE ACCESO ADICIONAL DE MATERIA--NOMBRE DE PERSONA
Nombre de persona Aranzadi, Telésforo de (
Fechas asociadas al nombre 1860-1945)-
Subdivisión general Biografías.
9 (RLIN) 22334
710 2# - ENTRADA AGREGADA--NOMBRE DE ENTIDAD CORPORATIVA
Nombre de entidad corporativa o nombre de jurisdicción como elemento de entrada Sociedad de Ciencias Aranzadi.
9 (RLIN) 6663
852 ## - LOCALIZACIÓN
Ubicación ES-MaACL
Número de control de estantería L-13577
Holdings
Estatus retirado Estado de pérdida Estado de daño No para préstamo Biblioteca de origen Biblioteca actual Ubicación en estantería Fecha de adquisición Fuente de adquisición Total de préstamos Signatura topográfica completa Código de barras Visto por última vez Precio de reemplazo Tipo de ítem Koha
        Biblioteca del Ateneo de Madrid Biblioteca del Ateneo de Madrid Depósito 2 17/01/2008     L-13577 1006570 23/02/2023 23/02/2023 Libro impreso